| Поле | Инд. | ПП | Название | Значение |
|---|---|---|---|---|
| Тип записи | a | |||
| Библиографический уровень | b | |||
| 001 | Контрольный номер | 900031ce986f49b4827641ea0a0dbf3b | ||
| 005 | Дата корректировки | 20260225143825.3 | ||
| 024 | 80 | a | Стандартный номер | 10.1103/bpln-ccql |
| 040 | a | Служба первич. каталог. | РИНЦ | |
| b | Код языка каталог. | rus | ||
| 041 | 0_ | a | Код языка текста | eng |
| 097 | a | Садовникова Л.В. | ||
| 100 | 1_ | a | Автор | Aad G. |
| 100 | 1_ | a | Автор | Aakvaag E. |
| 100 | 1_ | a | Автор | Abbott B. |
| 100 | 1_ | a | Автор | Aleksandrov I. N. |
| c | Титул (звания) | доцент (должность) | ||
| k | Институт системного анализа и управления; Кафедра распределенных информационно-вычислительных систем | |||
| q | Полное имя | Александров Игорь Николаевич | ||
| 245 | 10 | a | Заглавие | Evidence for Longitudinally Polarized 𝑊 Bosons in the Electroweak Production of Same-Sign 𝑊 Boson Pairs in Association with Two Jets in 𝑝𝑝 Collisions at √𝑠=13 TeV with the ATLAS Detector |
| 773 | 18 | t | Название источника | Physical Review Letters |
| b | Сведения об издании | American Physical Society | ||
| c | USA | |||
| d | Место и дата издания | 2025 | ||
| m | Специф. данные | входит в Белый список; входит в Scopus;входит в WoS;Входит в ядро РИНЦ;зарубежный журнал;ненулевой импакт-фактор | ||
| p | Phys. Rev. Lett. | |||
| q | У1 Белый список; Q1 Scopus 2024 | |||
| o | Прочие индексы | SJR 2.856 | ||
| x | ISSN | 0031-9007 | ||
| g | Прочая информация | Vol. 135. - № 11. - P. 111802 | ||
| w | Контрольный № источника | 888b00d77a4f4a61b119f844eaa614fb | ||
| 856 | 40 | u | URL | https://www.elibrary.ru/item.asp?id=85722659 |
| 901 | t | Тип документа | b | |
| 952 | c | Вид литературы | статья в журнале |